|
|
|
|
| LEADER |
01696nam a2200421 i 4500 |
| 001 |
EBC1767913 |
| 003 |
MiAaPQ |
| 005 |
20200520144314.0 |
| 006 |
m o d | |
| 007 |
cr cnu|||||||| |
| 008 |
140828t20152015at o 001 0 eng d |
| 020 |
|
|
|z 9780730311447
|
| 020 |
|
|
|a 9780730311461
|q (electronic bk.)
|
| 035 |
|
|
|a (MiAaPQ)EBC1767913
|
| 035 |
|
|
|a (Au-PeEL)EBL1767913
|
| 035 |
|
|
|a (CaPaEBR)ebr10910121
|
| 035 |
|
|
|a (CaONFJC)MIL637372
|
| 035 |
|
|
|a (OCoLC)888351259
|
| 040 |
|
|
|a MiAaPQ
|b eng
|e rda
|e pn
|c MiAaPQ
|d MiAaPQ
|
| 050 |
|
4 |
|a HG4621
|b .N673 2015
|
| 082 |
0 |
|
|a 332.62
|2 23
|
| 100 |
1 |
|
|a Norden, Gary,
|e author.
|
| 245 |
1 |
3 |
|a An end to the bull :
|b cut through the noise to develop a sustainable trading career /
|c Gary Norden.
|
| 264 |
|
1 |
|a Queensland, Australia :
|b Wiley,
|c 2015.
|
| 264 |
|
4 |
|c 2015
|
| 300 |
|
|
|a 1 online resource (220 pages)
|
| 336 |
|
|
|a text
|2 rdacontent
|
| 337 |
|
|
|a computer
|2 rdamedia
|
| 338 |
|
|
|a online resource
|2 rdacarrier
|
| 500 |
|
|
|a Includes index.
|
| 588 |
|
|
|a Description based on online resource; title from PDF title page (ebrary, viewed August 28, 2014).
|
| 590 |
|
|
|a Electronic reproduction. Ann Arbor, MI : ProQuest, 2015. Available via World Wide Web. Access may be limited to ProQuest affiliated libraries.
|
| 650 |
|
0 |
|a Brokers.
|
| 650 |
|
0 |
|a Stocks.
|
| 655 |
|
4 |
|a Electronic books.
|
| 776 |
0 |
8 |
|i Print version:
|a Norden, Gary.
|t End to the bull : cut through the noise to develop a sustainable trading career.
|d San Francisco, California : Wiley, c2015
|h xvi, 199 pages
|z 9780730311447
|
| 797 |
2 |
|
|a ProQuest (Firm)
|
| 856 |
4 |
0 |
|u https://ebookcentral.proquest.com/lib/matrademy/detail.action?docID=1767913
|z Click to View
|